Grammaire du sanskrit / (Record no. 106418)

MARC details
000 -LEADER
campo de control de longitud fija 00710nam a2200241 i 4500
001 - NÚMERO DE CONTROL
campo de control 106418
003 - IDENTIFICADOR DE NÚMERO DE CONTROL
campo de control ES-MaACL
005 - FECHA Y HORA DE LA ÚLTIMA TRANSACCIÓN
campo de control 20250710062727.0
007 - CAMPO FIJO DE DESCRIPCIÓN FÍSICA--INFORMACIÓN GENERAL
campo de control de longitud fija t|
008 - DATOS DE LONGITUD FIJA--INFORMACIÓN GENERAL
campo de control de longitud fija 061114s1971 fr ||||1| fre d
080 ## - NÚMERO DE LA CLASIFICACIÓN DECIMAL UNIVERSAL
Número de la Clasificación Decimal Universal 811.211'36
100 1# - ENTRADA PRINCIPAL--NOMBRE DE PERSONA
Nombre de persona Varenne, Jean.
9 (RLIN) 113181
245 10 - MENCIÓN DEL TÍTULO
Título Grammaire du sanskrit /
Mención de responsabilidad, etc. par Jean Varenne.
250 ## - MENCION DE EDICION
Mención de edición 1er. ed.
260 ## - PUBLICACIÓN, DISTRIBUCIÓN, ETC.
Lugar de publicación, distribución, etc. Paris :
Nombre del editor, distribuidor, etc. Presses Universitaires de France,
Fecha de publicación, distribución, etc. 1971.
300 ## - DESCRIPCIÓN FÍSICA
Extensión 127 p. ;
Dimensiones 18 cm.
490 1# - MENCIÓN DE SERIE
Mención de serie Que sais-je? ;
Designación de volumen o secuencia 1416
500 ## - NOTA GENERAL
Nota general Biblioteca Jacinto Martínez Lacalle.
650 14 - PUNTO DE ACCESO ADICIONAL DE MATERIA--TÉRMINO DE MATERIA
Término de materia o nombre geográfico como elemento de entrada Lengua sánscrita-
Subdivisión general Gramática.
9 (RLIN) 14322
830 00 - PUNTO DE ACCESO ADICIONAL DE SERIE-TÍTULO UNIFORME
Título uniforme Que sais-je?
Designación de volumen o secuencia 1416
9 (RLIN) 180931
852 ## - LOCALIZACIÓN
Ubicación ES-MaACL
Número de control de estantería E-11396
Sublocalización o colección R.139136
Holdings
Estatus retirado Estado de pérdida Estado de daño No para préstamo Biblioteca de origen Biblioteca actual Ubicación en estantería Fecha de adquisición Fuente de adquisición Total de préstamos Signatura topográfica completa Código de barras Visto por última vez Precio de reemplazo Tipo de ítem Koha
        Biblioteca del Ateneo de Madrid Biblioteca del Ateneo de Madrid Depósito 2 17/01/2008     E-11396 1111087 23/02/2023 23/02/2023 Libro impreso